Mujer, trabajo y derecho. Hacia relaciones laborales con equidad de género y corresponsabilidad social
Saved in:
| Hovedforfatter: | |
|---|---|
| Format: | Bog |
| Sprog: | spansk |
| Udgivet: |
Santiago, Chile
Legal Publishing
2011
|
| Fag: | |
| Tags: |
Tilføj Tag
Ingen Tags, Vær først til at tagge denne postø!
|
MARC
| LEADER | 00000nam a2200000 a 4500 | ||
|---|---|---|---|
| 001 | UCG5864 | ||
| 003 | CL-VaPUC | ||
| 005 | 20230809164928.0 | ||
| 008 | 110324e20110100CL |||||||||||||||||spa|d | ||
| 999 | |c 344224 |d 344222 | ||
| 020 | |a 9789562389495 | ||
| 040 | |c Pontificia Universidad Católica de Valparaíso | ||
| 082 | 0 | 4 | |a 344.01 CAA 2011 |2 21 |
| 100 | 1 | |a Caamaño Rojo, Eduardo Andrés |e autor |9 884109 | |
| 245 | 1 | 0 | |a Mujer, trabajo y derecho. |b Hacia relaciones laborales con equidad de género y corresponsabilidad social |
| 260 | |a Santiago, Chile |b Legal Publishing |c 2011 | ||
| 300 | |a 202 páginas | ||
| 583 | |a last modification |c 20150415 09:51:42 |k Rodrigo Vera | ||
| 650 | 7 | |a DERECHO LABORAL |2 CL-VaPUC |9 15 | |
| 650 | 0 | |a Relaciones laborales |v MUJERES |9 335971 | |
| 650 | 0 | |a Maternidad |v DERECHO LABORAL |9 335758 | |
| 852 | |a BIBCUR | ||
| 942 | |c BK |2 ddc | ||
| 945 | |d 20110324 00:00:00 |a dcastane | ||
| 952 | |0 0 |1 0 |2 ddc |4 0 |6 344_010000000000000_CAA_2011 |7 1 |8 C_LRYV |9 442071 |a BIBDER |b BIBDER |d 2019-11-22 |i 4760557 |o 344.01 CAA 2011 |p 4760557 |r 2023-01-25 |w 2019-11-22 |y BK_X |k BRV | ||
| 952 | |0 0 |1 0 |4 0 |6 344_010000000000000_CAA_2011 |7 0 |8 A |9 442072 |a BIBDER |b BIBDER |d 2019-11-22 |i 4760328 |l 2 |m 1 |o 344.01 CAA 2011 |p 4760328 |r 2024-06-03 |s 2024-05-23 |w 2019-11-22 |y BK |k DER | ||
| 952 | |0 0 |1 0 |4 0 |6 344_010000000000000_CAA_2011 |7 0 |8 A |9 442073 |a BIBDER |b BIBDER |d 2019-11-22 |i 4760336 |o 344.01 CAA 2011 |p 4760336 |r 2023-01-25 |w 2019-11-22 |y BK |k DER | ||
| 952 | |0 0 |1 0 |4 0 |6 344_010000000000000_CAA_2011 |7 0 |8 A |9 442074 |a BIBDER |b BIBDER |d 2019-11-22 |i 4760344 |l 4 |m 3 |o 344.01 CAA 2011 |p 4760344 |q 2025-05-12 |r 2025-05-05 |s 2025-05-05 |w 2019-11-22 |y BK |k DER | ||
| 952 | |0 0 |1 0 |4 0 |6 344_010000000000000_CAA_2011 |7 0 |8 A |9 442075 |a BIBDER |b BIBDER |d 2019-11-22 |i 4760352 |l 1 |m 1 |o 344.01 CAA 2011 |p 4760352 |r 2025-03-24 |s 2025-03-12 |w 2019-11-22 |y BK |k DER | ||